Statistics for Team Canada Men's Olympic Ice Hockey Roster - 2010

Click here to take the quiz!

General Stats

  • This quiz has been taken 29 times
  • The average score is 14 of 23

Answer Stats

PositionNumberPlayer% Correct
Forward87Sidney Crosby
100%
Defenseman8Drew Doughty
78%
Defenseman2Duncan Keith
78%
Forward12Jarome Iginla
78%
Forward16Jonathan Toews
78%
Goaltender30Martin Brodeur
74%
Forward61Rick Nash
74%
Goaltender1Roberto Luongo
74%
Defenseman7Brent Seabrook
70%
Forward24Corey Perry
70%
Goaltender29Marc-André Fleury
70%
Forward37Patrice Bergeron
70%
Forward51Ryan Getzlaf
70%
Forward11Patrick Marleau
65%
Defenseman20Chris Pronger
57%
Forward19Joe Thornton
57%
Defenseman27Scott Niedermayer
57%
Defenseman6Shea Weber
57%
Forward15Dany Heatley
43%
Defenseman22Dan Boyle
39%
Forward18Mike Richards
35%
Forward21Eric Staal
30%
Forward10Brenden Morrow
22%

Score Distribution

Percentile by Number Answered

Percent of People with Each Score

Your Score History

You have not taken this quiz